00445nam a2200181Ia 4500008004100000020001800041245001900059245004400078245002200122260001500144260001600159260000900175300001600184300002500200300001000225500000900235999001900244170705s9999 xx 000 0 und d a9780590255189 aFirst ladies : bwomen who called the white house home / cBeatrice Gormley. aNew York : bScholastic, c1997 a111 pages : bcolor illustration ; c26cm. a1040 c336668d336668